| 000 | 00624nam a22001817a 4500 | ||
|---|---|---|---|
| 003 | CEME | ||
| 005 | 20210628203004.0 | ||
| 008 | 210119b xxu||||| |||| 00| 0 eng d | ||
| 020 | _a0-471-21450-7 | ||
| 040 | _c. | ||
| 082 | _a658.4012 STR | ||
| 100 |
_aCoveney, Michael, Ganster, Dennis, Hartlen, Brian _962739 |
||
| 245 | _aThe strategy gap, leveraging technology to execute winning strategies | ||
| 260 |
_aNEW YORK _bJOHN WILEY _c2003 |
||
| 300 | _aXV,221 P | ||
| 650 |
_aSTRATEGIC PLANNING, MANAGEMENT INFORMATION SYSTEMS, DECISION SUPPORT SYSTEMS, INDUSTRIAL MANAGEMENT- DATA PROCESSING _962740 |
||
| 942 |
_cBK _2ddc |
||
| 999 |
_c571754 _d571754 |
||